000 00857nam a2200241 a 4500
001 6138
003 BD-RjUL
005 20211208234207.0
008 140109s1965 enk 001 0 eng u
035 _a6177
_a(BD-RjUL)oxf98110165
040 _aWSU
_beng
_cBD-RjUL
_dBD-RjUL
041 _aeng
082 0 0 _a362.70942
_bHEC 1965
100 1 _aHeywood, Jean S.
_919315
245 1 0 _aChildren in care :
_bthe development of the service for the deprived child /
_cBy Jean S. Heywood.
250 _a2nd ed. (rev.)
260 _aLondon ;
_bRoutledge and Kegan Paul ;
_aNew York :
_bHumanities Press,
_c1965.
300 _a255 p. ;
_c23 cm.
504 _aIncludes bibliography and index.
650 0 _aChild welfare
_zGreat Britain.
_919316
830 0 _aInternational library of sociology and social reconstruction (Routledge & Kegan Paul)
_919323
942 _2ddc
_cBK
999 _c6138
_d6138